The quality library :a guide to staff-driven improvement, better efficiency, and happier customers(E-BOOK) (Record no. 193064)

000 -LEADER
fixed length control field 01044 a2200301 4500
003 - CONTROL NUMBER IDENTIFIER
control field Nust
005 - DATE AND TIME OF LATEST TRANSACTION
control field 20170207154050.0
010 ## - LIBRARY OF CONGRESS CONTROL NUMBER
LC control number 2007030710
020 ## - INTERNATIONAL STANDARD BOOK NUMBER
International Standard Book Number 0-8389-0952-3 (alk. paper)
020 ## - INTERNATIONAL STANDARD BOOK NUMBER
International Standard Book Number 978-0-8389-0952-2 (alk. paper)
035 ## - SYSTEM CONTROL NUMBER
System control number (OCoLC)157023432
035 ## - SYSTEM CONTROL NUMBER
System control number (OCoLC)ocn157023432
040 ## - CATALOGING SOURCE
Transcribing agency Nust
082 00 - DEWEY DECIMAL CLASSIFICATION NUMBER
Classification number 025.1
100 1# - MAIN ENTRY--PERSONAL NAME
Personal name Laughlin, Sara,
245 14 - TITLE STATEMENT
Title The quality library :a guide to staff-driven improvement, better efficiency, and happier customers(E-BOOK)
Statement of responsibility, etc. Sara Laughlin and Ray W. Wilson.
260 ## - PUBLICATION, DISTRIBUTION, ETC.
Place of publication, distribution, etc. Chicago :
Name of publisher, distributor, etc. American Library Association,
Date of publication, distribution, etc. 2008.
300 ## - PHYSICAL DESCRIPTION
Extent xiv, 144 s. :
Other physical details diagr., tab.
650 #7 - SUBJECT ADDED ENTRY--TOPICAL TERM
Topical term or geographic name entry element Biblioteksadministration
Geographic subdivision F?ta staterna
650 #7 - SUBJECT ADDED ENTRY--TOPICAL TERM
Topical term or geographic name entry element Biblioteksanv䮤are
Geographic subdivision F?ta staterna
650 #7 - SUBJECT ADDED ENTRY--TOPICAL TERM
Topical term or geographic name entry element Customer services
Geographic subdivision United States.
650 #7 - SUBJECT ADDED ENTRY--TOPICAL TERM
Topical term or geographic name entry element Kvalitetsarbete
Geographic subdivision F?ta staterna
650 #7 - SUBJECT ADDED ENTRY--TOPICAL TERM
Topical term or geographic name entry element Library administration
Geographic subdivision United States.
650 #7 - SUBJECT ADDED ENTRY--TOPICAL TERM
Topical term or geographic name entry element Library planning
Geographic subdivision United States.
650 #7 - SUBJECT ADDED ENTRY--TOPICAL TERM
Topical term or geographic name entry element Total quality management
Geographic subdivision United States.
651 ## - SUBJECT ADDED ENTRY--GEOGRAPHIC NAME
Geographic name E-BOOK
700 1# - ADDED ENTRY--PERSONAL NAME
Personal name Wilson, Ray W.
942 ## - ADDED ENTRY ELEMENTS (KOHA)
Source of classification or shelving scheme
Koha item type Book
Holdings
Withdrawn status Lost status Source of classification or shelving scheme Damaged status Not for loan Collection code Permanent Location Current Location Date acquired Total Checkouts Full call number Barcode Date last seen Price effective from Koha item type
            Military College of Signals (MCS) Military College of Signals (MCS) 12/12/2016   025.1 LAU MCSEB-2842 12/08/2016 12/12/2016 Book
© 2023 Central Library, National University of Sciences and Technology. All Rights Reserved.